Information (Record no. 133273)

MARC details
000 -LEADER
fixed length control field 00731nam a2200241Ia 4500
003 - CONTROL NUMBER IDENTIFIER
control field OSt
005 - DATE AND TIME OF LATEST TRANSACTION
control field 20220918170245.0
008 - FIXED-LENGTH DATA ELEMENTS--GENERAL INFORMATION
fixed length control field 220917b |||||||| |||| 00| 0 eng d
020 ## - INTERNATIONAL STANDARD BOOK NUMBER
International Standard Book Number 9780007225743 (pbk.)
037 ## - SOURCE OF ACQUISITION
Terms of availability Textual
040 ## - CATALOGING SOURCE
Original cataloging agency ARTS
Transcribing agency ARTS
Language of cataloging eng
041 ## - LANGUAGE CODE
Source of code eng
Language code of text/sound track or separate title eng
100 ## - MAIN ENTRY--PERSONAL NAME
Personal name Glick James
9 (RLIN) 27922
245 #0 - TITLE STATEMENT
Title Information
Remainder of title History a theroy a flood
260 ## - PUBLICATION, DISTRIBUTION, ETC.
Place of publication, distribution, etc. London
Name of publisher, distributor, etc. Fourth Estate UK
Date of publication, distribution, etc. 2011
300 ## - PHYSICAL DESCRIPTION
Extent 562p.
Dimensions cm.
942 ## - ADDED ENTRY ELEMENTS (KOHA)
Classification part D65,8(2:55), Q2
Koha item type Textual
Source of classification or shelving scheme Colon Classification (CC)
Holdings
Withdrawn status Lost status Damaged status Not for loan Home library Current library Date acquired Source of acquisition Cost, normal purchase price Total Checkouts Full call number Barcode Date last seen Cost, replacement price Price effective from Koha item type
        Arts Library Arts Library 2022-09-18 071, 16/07/2012, University Book House 399.00   D65,8(2:55) Q2 AL1487670 2022-09-18 399.00 2022-09-18 Textual
Copyright @ Delhi University Library System